000 01096nam a22003497a 4500
999 _c200425674
_d43597
001 200425674
003 TR-AnTOB
005 20221026093705.0
008 170120b2016 tur||||g||||| 00| 0 tur d
020 _a9786051469959
040 _aTR-AnTOB
_beng
_erda
_cTR-AnTOB
041 0 _atur
050 4 _aKKX4780
_b.A4339 2016
090 _aKKX4780
_b.A4339 2016
100 1 _aAlbayrak, Adem
_9125877
245 1 _aHukukta istinaf uygulaması :
_b6100 sayılı HMK'ya göre hazırlanmış /
_cAdem Albayrak.
250 _a2 bs.
264 1 _aAnkara :
_bAdalet Yayınevi,
_c2016.
300 _axxıv, 390 pages;
_c25 cm
336 _atext
_btxt
_2rdacontent
337 _aunmediated
_bn
_2rdamedia
338 _avolume
_bnc
_2rdacarrier
490 0 _aHukuk yayınları dizisi
_v1994
504 _aIncludes bibliography.
590 _aDonated by : Ankara Valiliği
650 0 _973125
_aCriminal procedure
_zTurkey
650 0 _aTemyiz prosedürü
_zTürkiye
_9117838
650 0 _aDavalar ve savunmalar
_xTürkiye.
653 _aİstinaf
942 _2lcc
_cBK